000 00462pab a2200169 454500
008 180718b2015 xxu||||| |||| 00| 0 eng d
100 _abanerjee, Sumanta
245 _aThe Yogi as a pugilist: psychotherapy-cum-martial exercise in the Indian armed forces
260 _c2015
300 _ap.10-13.
362 _a15 Aug
650 _aYogi
650 _aIndia. Army
650 _aArmed forces
773 _aEconomic and Political Weekly
909 _a108942
999 _c108937
_d108937